| 000 | 00875nam a2200277Ia 4500 | ||
|---|---|---|---|
| 003 | OSt | ||
| 005 | 20221005060228.0 | ||
| 006 | a|||||r|||| 00| 0 | ||
| 007 | ta | ||
| 008 | 221004b |||||||| |||| 00| 0 eng d | ||
| 020 |
_a9780415732529 (hbk) _cUKP 165.00 |
||
| 024 | _a34633 | ||
| 037 |
_bBBS/20, 15/09/2017, Better Book Service _cTextual |
||
| 040 |
_aCRL _cCRL _beng |
||
| 041 |
_2eng _aeng |
||
| 082 | _aO111,2J64:g, Q7 | ||
| 100 |
_aLevenson Jill L. Ed. _9476942 |
||
| 245 | 0 | _aShakespearean world | |
| 260 |
_aLondon _bRoutedge UK _c2017 |
||
| 300 |
_axxiii,654p. _ccm. |
||
| 650 | _a SHAKESPEARE, WILLIAM | ||
| 650 | _aENGLISH LITERATURE | ||
| 700 |
_a Ormsby Robert Ed. _9476943 |
||
| 942 |
_hO111,2J64:g, Q7 _cTEXL _2cc |
||
| 999 |
_c966379 _d966379 |
||